Избранное: В 2 кн. : [Для старших классов средней школы]; Кн. 1. Стихотворения и поэмы

Bibliographic Details
Main Author: Пастернак Б. Л. Борис Леонидович
Other Authors: Пастернак Е. Б. (автор предисловия), Смолицкий В. Г. (составитель)
Language:Russian
Published: Москва, Просвещение, 1991
Series:Школьная библиотека
Subjects:
Format: MixedMaterials Book
KOHA link:https://koha.lib.tpu.ru/cgi-bin/koha/opac-detail.pl?biblionumber=123187

MARC

LEADER 00000nam0a2200000 4500
001 123187
005 20231101215807.0
010 |a 5090034796 
010 |a 5-09-003216-5 
020 |a RU  |b 91-22966 
035 |a (RuTPU)RU\TPU\book\133358 
090 |a 123187 
100 |a 20071012g1991 d y0rusy5003 ca 
101 0 |a rus 
102 |a RU 
105 |a  z 000gy 
200 1 |a Избранное  |e В 2 кн. : [Для старших классов средней школы]  |h Кн. 1. Стихотворения и поэмы  |f Б. Л. Пастернак  |g авт. предисл. Е. Б. Пастернак; сост. и коммент. В. Г. Смолицкий 
210 |a Москва  |c Просвещение  |d 1991 
215 |d 21 см  |a 255 с.  |c портр., ил. 
225 1 |a Школьная библиотека 
610 1 |a русская литература 
610 1 |a поэзия 
675 |a Р2  |z rus 
700 1 |a Пастернак  |b Б. Л.  |c русский писатель  |c поэт  |f 1890-1960  |g Борис Леонидович  |2 stltpush  |3 (RuTPU)RU\TPU\pers\456  |9 223 
702 1 |a Пастернак  |b Е. Б.  |4 080 
702 1 |a Смолицкий  |b В. Г.  |4 220 
801 0 |a RU  |b RuMRKP  |c 19950417  |g psbo 
801 1 |a RU  |b 63413507  |c 20071012  |g PSBO 
801 2 |a RU  |b 63413507  |c 20071012  |g PSBO 
942 |c BK